LES RACINES ARABES
Saved in:
Main Author:
Format: Book
Language: Undetermined
Published:
Paris
ERNEST LEROUX, ÉDITEUR
1898
Tags: Add Tag
No Tags, Be the first to tag this record!
Call Number: (R)P31 DECO
| LEADER | 00332nam a2200121Ia 4500 | ||
|---|---|---|---|
| 008 | 240404s9999||||xx |||||||||||||| ||und|| | ||
| 050 | 4 | |a (R)P31 DECO | |
| 100 | 1 | |a J.-A. DECOURDEMANCHE. | |
| 245 | 1 | 0 | |a LES RACINES ARABES |c J.-A. DECOURDEMANCHE |
| 264 | 1 | |a Paris |b ERNEST LEROUX, ÉDITEUR |c 1898 | |
| 300 | |a 118 |c 23 | ||
| 942 | |2 lcc |c BK | ||
| 999 | |c 58043 |d 58043 | ||
